000 00610nam a2200217Ia 4500
003 OSt
005 20221002054802.0
006 a|||||r|||| 00| 0
007 ta
008 220930b |||||||| |||| 00| 0 eng d
024 _a70445
037 _cReference Collections
040 _aCRL
_cCRL
_beng
041 _2eng
_aeng
082 _aMY2143n2,N95, N5(RR)
100 _aKothandaraman N. Au.
_9576270
245 0 _aTowards Prosperity? Hockey yearbook 1995
260 _c1995
942 _hMY2143n2,N95, N5(RR)
_cref
_2CC
999 _c925884
_d925884